01545nam a2200289 a 4500001001200000003000800012006001900020007001500039008004100054020001800095020002700113040002100140035002100161050002300182111014200205245030900347260006700656300003700723440005200760504005300812533015200865650004401017655002901061700002201090710001701112856012601129ebr10604218CaPaEBRm u cr cn|||||||||120924s2012 sz a sb 101 0 eng d z9783037853795 z9783038136927 (e-book) aCaPaEBRcCaPaEBR a(OCoLC)79809330914aTT317b.I58 2011eb2 aInternational Conference on Electrophoretic Deposition: Fundamentals and Applicationsn(4th :dOct. 2-7, 2011 :cPuerto Vallarta, Mexico)10aElectrophoretic depositionh[electronic resource] :bfundamentals and applications IV : selected, peer reviewed papers from the 4th International Conference on Electrophoretic Deposition: Fundamentals and Applications, October 2-7, 2011, Puerto Vallarta, Mexico /cedited by A.R. Boccaccini ... [et al.]. aDurnten-Zurich, Switzerland :bTrans Tech Publications,c2012. aa-b, 243 p. :bill. (some col.). 0aKey engineering materials,x1662-9809 ;vv. 507 aIncludes bibliographical references and indexes. aElectronic reproduction.bPalo Alto, Calif. :cebrary,d2011.nAvailable via World Wide Web.nAccess may be limited to ebrary affiliated libraries. 0aElectrophoretic depositionvCongresses. 7aElectronic books.2local1 aBoccaccini, A. R.2 aebrary, Inc.40uhttp://site.ebrary.com/lib/rucke/Doc?id=10604218zAn electronic book accessible through the World Wide Web; click to view